| 000 | 00422nam a2200121Ia 4500 | ||
|---|---|---|---|
| 008 | 220620s9999||||xx |||||||||||||| ||und|| | ||
| 100 | _aFlorin-Constantin Mihai | ||
| 245 | 0 | _aSolid Waste Management in Rural Areas | |
| 546 | _aEnglish[eng] | ||
| 650 | _aLife Sciences||Waste Management||Environmental Sciences||Solid Waste | ||
| 856 | _uhttps://www.intechopen.com/books/solid-waste-management-in-rural-areas | ||
| 942 | _cEB | ||
| 999 |
_c30216 _d30216 |
||